Chés poéyis deuch Monde. - Statistics

General Stats
  • This quiz has been taken 28 times
  • The average score is 70 of 196
Answers on the Map
Answers color-coded by a green-red scale on the quiz's map according to % correct below.
 
Answer Stats
Country % Correct
Russie
85%
Italie
80%
Kanada
80%
Portugal
75%
Finlande
70%
Algérie
65%
Tunisie
65%
Egypte
60%
Inde
60%
Libye
60%
Suède
60%
Albanie
55%
Australie
55%
Brésil
55%
Irak
55%
Iran
55%
Japon
55%
Kosovo
55%
Norvège
55%
Sénegal
55%
Suisse
55%
Vietnam
55%
Arménie
50%
Bahrein
50%
Chili
50%
Géorgie
50%
Israel
50%
Laos
50%
Liban
50%
Luxembourg
50%
Mali
50%
Montenegro
50%
Oman
50%
Pakistan
50%
Roumanie
50%
Serbie
50%
Sirie
50%
Slovenie
50%
Uruguay
50%
Yemen
50%
Afghanistan
45%
Bolivie
45%
Bulgarie
45%
Danemark
45%
Espanne
45%
Étiopie
45%
Gambie
45%
Haiti
45%
Indonésie
45%
Jordanie
45%
Katar
45%
Kenya
45%
Madagascar
45%
Malte
45%
Mauritanie
45%
Mongolie
45%
Myanmar
45%
Niger
45%
Nigeria
45%
Paraguay
45%
Perou
45%
Soudan
45%
Vatican
45%
Alémanne
40%
Angola
40%
Bahamas
40%
Belize
40%
Burkina Faso
40%
El Salvador
40%
Équateur
40%
Eritré
40%
Estonie
40%
Eswatini
40%
Fiji
40%
Gana
40%
Guatemala
40%
Guinée
40%
Guinée-Bissau
40%
Honduras
40%
Hongrie
40%
Kambodge
40%
Kazakhstan
40%
Kine
40%
Kiribati
40%
Kroatie
40%
Kuba
40%
Lesoto
40%
Liechtenstein
40%
Lituanie
40%
Malawi
40%
Mexik
40%
Moldavie
40%
Monako
40%
Nepal
40%
Nicaragua
40%
Palao
40%
Panama
40%
Polonne
40%
Samoa
40%
Sin Marin
40%
Slovakie
40%
Somalie
40%
Sri Lanka
40%
Suriname
40%
Tailande
40%
Tajikistan
40%
Tanzanie
40%
Tchad
40%
Tonga
40%
Turkie
40%
Turkmenistan
40%
Tuvalu
40%
Uzbekistan
40%
Vanuatu
40%
Andore
35%
Benin
35%
Botswana
35%
Boutan
35%
Gabon
35%
Jamaik
35%
Kolombie
35%
Létonie
35%
Liberia
35%
Maldives
35%
Marok
35%
Seychelles
35%
Togo
35%
Venezuela
35%
Zambie
35%
Zimbabwe
35%
Arabie Saoudite
30%
Azerbaidjan
30%
Barbade
30%
Biélorussie
30%
Brunei
30%
Burundi
30%
Djibouti
30%
Dominik
30%
Grenade
30%
Kameroun
30%
Komores
30%
Koweit
30%
Namibie
30%
Ouganda
30%
Philippines
30%
Rwanda
30%
Sierra Leone
30%
Singapour
30%
Taiwan
30%
Afrik deuch Sud
25%
Émirats arabes unnis
25%
Kosta Rica
25%
Timor Leste
25%
Frinche
20%
Guyane
20%
Kyrgyzstan
20%
Naurou
20%
Ostriche
20%
Argintine
15%
Bergik
15%
Iles Marshall
15%
Irlinde
15%
Kipre
15%
Korée deuch Nord
15%
Korée deuch Sud
15%
Soudan deuch Sud
15%
Bingladech
10%
Bosnie-Érzégovine
10%
Grèche
10%
Iles Solomon
10%
Antigua pi Barbuda
5%
Bos-Poéyis
5%
Étots-Unnis
5%
Étots-Unnis d'Micronésie
5%
Guinée étchatoriale
5%
Ile Mauriche
5%
Isselinde
5%
Kape Viert
5%
Kote d'ivoére
5%
Machédoine d'euch Nord
5%
Malaije
5%
Mozimbique
5%
Novèle-Zilinde
5%
Oucrinne
5%
Papouasie-Novèle-Guinée
5%
Républik Chintafritchaine
5%
Républik démokratik deuch Kongo
5%
Républik deuch Kongo
5%
Républik Dominitchaine
5%
Républik tchétche
5%
Roéyôme-Uni
5%
São Tomé pi Príncipe
5%
Sinte Lucie
5%
Sint Kitts pi Nevis
5%
Sint Vincent pi chés Grenadines
5%
Trinidad pi Tobago
5%
No matching quizzes found
Score Distribution
Percent of People with Each Score
Percentile by Number Answered
Your Score History
You have not taken this quiz